000 00352 a2200169 4500
001 184917
020 _a85-322-5197-8
040 _cMagnum
100 _aRocha, Ruth
240 1 0 _aA árvore do Beto
_lpor
245 1 0 _aA árvore do Beto
300 _a31
362 0 _a2004
440 1 _aFTD
697 _aLITERATURA INFANTO-JUVENIL
942 _cBK
999 _c184917
_d184917